| 000 | 00858pam a2200265 a 4500 | ||
|---|---|---|---|
| 001 | 4382 | ||
| 005 | 20241105095605.0 | ||
| 020 | _a9780395547762 | ||
| 040 |
_aDLC _cDLC _dDLC _beng |
||
| 050 | 0 | 0 |
_aPZ7.B91527 _b1989 |
| 082 | 0 | 0 | _a306.85 |
| 100 | 1 |
_aBunting, Eve _d1928- |
|
| 245 | 1 | 4 |
_aThe Wednesday surprise / _cby Eve Bunting ; illustrated by Donald Carrick |
| 260 |
_aNew York : _bClarion Books, _c1989 |
||
| 300 |
_a32 pages : _bcolor illustrations ; _c22 cm . |
||
| 505 | _aM | ||
| 520 | _aOn Wednesday nights when Grandma stays with Anna everyone thinks she is teaching Anna to read. | ||
| 521 |
_a540
_bLexile |
||
| 521 |
_aM
_bRaz-Plus |
||
| 650 | 1 |
_aGrandmothers _xFiction. |
|
| 650 | 1 |
_aReading _xFiction. |
|
| 700 | 1 |
_aCarrick, Donald _eillustrator |
|
| 906 |
_a7 _bcbc _corignew _d1 _eocip _f19 _gy-gencatlg |
||
| 942 |
_2ddc _cBK _n0 |
||
| 999 |
_c4382 _d4382 |
||